|
|
|
|
| LEADER |
00000nam a2200000 a 4500 |
| 001 |
vtls010284054 |
| 003 |
SK-MaSNL |
| 005 |
20260302011803.0 |
| 008 |
240313s2011 xo dla e p 000 0 slo |
| 015 |
|
|
|a SNBA2011/08-04663
|
| 020 |
|
|
|a 9788022329392
|q (brož.)
|
| 035 |
|
|
|a 593348AF-39F9-4D3F-A390-A2F152D9A141
|
| 035 |
|
|
|a urn:nbn:sk:snk-amjxge
|
| 035 |
|
|
|a urn:nbn:sk:snk-am0085df
|
| 040 |
|
|
|a SNK
|b slo
|c SNK
|e AACR2
|
| 041 |
0 |
|
|a slo
|
| 044 |
|
|
|a xo
|c SK
|
| 072 |
|
7 |
|a 613
|x Hygiena. Ľudské zdravie
|2 konspekt
|
| 080 |
|
|
|a 613/614
|2 2001
|
| 080 |
|
|
|a (075.8)
|2 2001
|
| 080 |
|
|
|a 613.2
|2 2001
|
| 080 |
|
|
|a 615.1
|2 2001
|
| 100 |
1 |
|
|a Dubničková, Martina
|4 aut
|9 21817
|
| 245 |
1 |
0 |
|a Hygiena pre farmaceutov
|c Martina Dubničková, Andrea Bilková
|
| 250 |
|
|
|a 1. vyd.
|
| 260 |
|
|
|a V Bratislave
|b Univerzita Komenského
|c 2011
|
| 300 |
|
|
|a 115 s.
|b grafy, ilustr., tab.
|c 29 cm
|
| 366 |
|
|
|e 250 výt.
|
| 504 |
|
|
|a Bibliogr. s. 114-115
|
| 650 |
0 |
7 |
|a hygiena
|2 SNKPH
|9 16835
|
| 650 |
0 |
7 |
|a Pharmacy
|2 SNKPHeng
|9 265418
|
| 650 |
0 |
7 |
|a farmácia
|2 SNKPH
|9 2467
|
| 650 |
0 |
7 |
|a hygiena výživy
|2 SNKPH
|9 2488
|
| 650 |
0 |
7 |
|a Hygiene
|2 SNKPHeng
|9 336866
|
| 650 |
0 |
7 |
|a Nutrition hygiene
|2 SNKPHeng
|9 416052
|
| 655 |
|
7 |
|a učebnice vysokých škôl
|2 SNKPH
|9 70191
|
| 655 |
|
7 |
|a Textbooks (higher)
|2 SNKPHeng
|9 276436
|
| 700 |
1 |
|
|a Bilková, Andrea
|4 aut
|9 25770
|
| 852 |
|
|
|a Štátna vedecká knižnica v Banskej Bystrici
|
| 919 |
|
|
|a 978-80-223-2939-2
|
| 958 |
|
|
|a OND
|
| 958 |
|
|
|a NB
|
| 958 |
|
|
|a MI
|
| 968 |
|
|
|d 61
|
| 999 |
|
|
|c 1007404
|d 1009334
|
| 952 |
|
|
|a SNK
|b SNK
|y PREZ
|7 0
|p 17A0704126
|o snkSB 81593
|i snk2011/13086
|8 0
|0 0
|1 0
|4 0
|d 2011-06-07
|f 1
|l 0
|r 2025-05-05 00:00:00
|w 2026-02-24
|
| 952 |
|
|
|a SNK
|b SNK
|y VYP
|7 0
|p 17A0704168
|o snkSB 81593 D1
|i snk2011/13087
|8 0
|0 0
|1 0
|4 0
|d 2011-06-07
|l 0
|r 2016-06-30 00:00:00
|w 2026-02-24
|